| 000 | 00482nam a2200157 a 4500 | ||
|---|---|---|---|
| 001 | 000025950 | ||
| 005 | 20200930024158.0 | ||
| 008 | 110224s1997 ck r 000 0 spa d | ||
| 040 |
_aDO-SdBNP _bspa _cBNPHU |
||
| 082 |
_axxxx _bxxxx |
||
| 100 | 1 |
_aYoshúa, A. B. _952818 |
|
| 245 | 1 | 0 |
_aMoljo / _cA. B. Yoshúa ; traducción de Ana Maria Bejerano. |
| 260 |
_aSantafé de Bogotá : _bL. B. Publising, _c1997. |
||
| 300 |
_a314 p. ; _c24 cm. |
||
| 700 | 1 |
_aBejerano, Ana Maria, _etr. _952819 |
|
| 999 |
_c25442 _d25442 |
||